Kvalita vzdelávacieho procesu v rámci vysokého školstva SR - systém manažérstva kvality v školstve zborník príspevkov z medzinárodnej vedeckej konferencie : 23.-24.9.2010 Štrba
Gespeichert in:
| Körperschaft: | |
|---|---|
| Format: | Buch |
| Sprache: | Slowakisch |
| Veröffentlicht: |
Košice
Podnikovohospodárska fakulta EU v Košiaciach
2010
|
| Schlagworte: | |
| Tags: |
Keine Tags, Fügen Sie das erste Tag hinzu!
|
MARC
| LEADER | 00000nlm$a2200000$$$4500 | ||
|---|---|---|---|
| 001 | 0120470 | ||
| 005 | 20221121145920.1 | ||
| 020 | |a 978-80-225-3074-3 | ||
| 041 | 0 | |a slo | |
| 044 | |a SK | ||
| 245 | 1 | 0 | |a Kvalita vzdelávacieho procesu v rámci vysokého školstva SR - systém manažérstva kvality v školstve |b zborník príspevkov z medzinárodnej vedeckej konferencie : 23.-24.9.2010 Štrba |
| 264 | 1 | |a Košice |b Podnikovohospodárska fakulta EU v Košiaciach |c 2010 | |
| 300 | |a CD-ROM | ||
| 610 | 2 | 0 | |a vzdelávanie vysokoškolské |
| 610 | 2 | 0 | |a školy vysoké |
| 610 | 2 | 0 | |a kvalita |
| 610 | 2 | 0 | |a riadenie kvality |
| 610 | 2 | 0 | |a Slovensko |
| 110 | 2 | |a Kvalita vzdelávacieho procesu v rámci vysokého školstva SR - systém manažérstva kvality v školstve. Medzinárodná vedecká konferencia | |